000 00841nas a2200253 4500
001 BR2013002672
003 BR-BrBNA
005 20231205122143.0
007 ta
008 230509b bl.|||p| |||| 00| 00por d
040 _aBR-BrBNA
_bpor
_cBiblioteca Nacional de Agricultura
041 _a(Pt)
072 _aK10
100 1 _aPolisel, R.T.
100 1 _aFranco, G.A.D.C.
245 1 _aComparação florística e estrutural entre dois trechos de floresta ombrófila densa em diferentes estádios sucessionais, Juquitiba, SP, Brasil
650 _aFLORESTA
650 _aCOMPOSIÇÃO BOTÂNICA
650 _aREGENERAÇÃO NATURAL
650 _aANÁLISE COMPARATIVA
773 0 _tHoehnea (Brazil)
_xISSN 0073-2877
_g(Dec 2010), v. 37(4) p. 691-718
_wBR2013002672
909 _a202311
_bLúcia
_c55
_dLúcia Elande
942 _2AGRIS
_n0
_cANA
999 _c227181
_d227181